LEADER 00798nam a2200205 i 4500 001 000000146440 003 CaOOAMICUS 005 20060102000000.0 008 060102s1937 it u000 u fre u 013 $a123121 040 $aSeMil$bita 245 12$aL'intelligence de la prière liturgique. 300 $a213 p. 500 $aIn mezzo al front : Louvain, 1935. 650 4$aSettimana liturgica.$0(OLS)http://semarc/subject/913 773 0 $tCours et Conférences des Semaines Liturgiques.$dLouvain : Abbaye du Mont César, [193?]$gTome13$w()15118 850 $aSeMil 852 $aSeMil$W1$xVenegono$y1$m660 426 13 *$j99109$B99109$CSeMilBibl$Z2$F107475 $81 961 $aRecupero: Biblioteca Seminario Saronno 996 $6245$aL'intelligence de la prière liturgique$9(OLS)http://semarc/title/214156 LEADER 01395nam a2200253 i 4500 001 000000196639 003 CaOOAMICUS 005 20230207102358.0 008 110127s1861 it u000 u ita u 040 $aSeMil$bita 100 1 $aAntonelli, Giacomo,$d<1806-1876>.$0(OLS)http://semarc/name/71257 245 10$aDispaccio del cardinale Antonelli a monsignor Meglia incaricato d'affari della Santa Sede a Parigi in occasione dell'opuscolo La Francia, Roma e l'Italia. 260 $aBologna :$bTip. di S. Maria Maggiore,$c1861. 300 $a19 p. ;$c17 cm. 500 $aSul front.: Pubblicazione dell'Eco 650 4$aSanta Sede - Relazioni con la Francia.$0(OLS)http://semarc/subject/11630 650 4$aAntonelli, Giacomo - Scritti, discorsi, omelie, lettere pastorali, etc.$0(OLS)http://semarc/subject/36908 650 4$aSanta Sede - Italia - 1861.$0(OLS)http://semarc/subject/36909 773 0 $t[Miscellanea.$w()12962 850 $aSeMil 852 $aSeMil$W1$xVenegono$y1$m5A I 12/7 FA$j147202$B147202$CSeMilBibl$Z2$F158761 $8I 996 $6245$aDispaccio del cardinale Antonelli a monsignor Meglia incaricato d'affari della Santa Sede a Parigi in occasione dell'opuscolo La Francia, Roma e l'Italia$9(OLS)http://semarc/title/283928 996 $6260$aBologna :$bTip. di S. Maria Maggiore$9(OLS)http://semarc/publisher/50878